| 000 | 00601nam a2200193 a 4500 | ||
|---|---|---|---|
| 001 | 5638 | ||
| 003 | CO-ViMGA | ||
| 008 | 141112s2004 ck r 000 u spa d | ||
| 040 |
_aCO-ViMGA _bspa _cCO-ViMGA |
||
| 082 | 0 | 4 | _a793.7 K154 |
| 100 | 1 |
_aKamii, Constance _950070 |
|
| 245 | 1 | 0 |
_aJuegos colectivos en la primera enseñanza : _bimplicaciones de la teoría de piaget / _cKamii Constance , Devries Rheta |
| 260 |
_aMadrid : _bVisor, _c1988 |
||
| 300 | _a322 p : il | ||
| 490 | _aAprendizaje visor, 40 | ||
| 650 | 1 | 4 |
_aJUEGOS EDUCATIVOS _98115 |
| 650 | 1 | 4 |
_aJUEGOS INFANTILES _94202 |
| 942 |
_2ddc _cBK |
||
| 999 |
_c17620 _d17620 |
||